Assembly language for x86 processors / (رقم التسجيلة. 21368)

تفاصيل مارك
000 -الفاتح
حقل البيانات ثابتة الطول 01078cam a22002898a 4500
001 - رقم الضبط
رقم الضبط 16009104
003 - محدد رقم الضبط
رقم الضبط OSt
005 - وقت وتاريخ اخر تعامل مع التسجيلة
رقم الضبط 20150408114012.0
008 - عناصر البيانات ثابتة الطول - معلومات عامة
حقل البيانات ثابتة الطول 091204s2011 nju b 001 0 eng
010 ## - رقم ضبط مكتبة الكونجرس
رقم ضبط مكتبة الكونجرس 2009049014
020 ## - الرقم الدولى المعيارى للكتب
الرقم الدولى المعيارى للكتاب 9780131377097
040 ## - مصدر الفهرسة
وكالة الفهرسة الأصلية DLC
وكالة النسخ DLC
وكالة التعديل DLC
050 00 - رقم طلب مكتبة الكونجرس
رقم التصنيف QA76.8
رقم المادة .I77 2011
082 00 - رقم تصنيف ديوى العشرى
رقم التصنيف 005.265
رقم الطبعة 22
100 1# - المدخل الرئيسى - إسم شخصى
الإسم الشخصى Irvine, Kip R.,
التواريخ المصاحبة للاسم 1951-
9 (RLIN) 10428
245 10 - بيان العنوان
العنوان Assembly language for x86 processors /
بيان المسئوليه,etc Kip R. Irvine.
250 ## - بيان الطبعة
بيان الطبعة 6th ed.
260 ## - PUBLICATION, DISTRIBUTION, ETC. (IMPRINT)
مكان الناشر او الموزع Upper Saddle River, NJ :
اسم الناشر او الموزع Prentice Hall,
تاريخ النشر أو التوزيع 2011.
263 ## - تاريخ النشر المتوقع
تاريخ النشر المتوقع 1001
300 ## - الوصف المادى
التعداد p. cm.
500 ## - تبصرة عامة
تبصرة عامة Rev. ed. of: Assembly language for intel-based computers, 5th ed., 2007.
650 #0 - المدخل الاضافى بالموضوع-مصطلح موضوعى
مصطلح موضوعي أو اسم جغرافي كعنصر مدخل IBM microcomputers
التقسيم الفرعي العام Programming.
9 (RLIN) 10429
650 #0 - المدخل الاضافى بالموضوع-مصطلح موضوعى
مصطلح موضوعي أو اسم جغرافي كعنصر مدخل Assembler language (Computer program language)
9 (RLIN) 10430
700 1# - المدخل الاضافى - اسم شخصى
الإسم الشخصى Irvine, Kip R.,
التواريخ المصاحبة للاسم 1951-
عنوان العمل Assembly language for intel-based computers.
9 (RLIN) 10431
942 ## - عناصر المدخل الإضافي( كوها)
مصدر التصنيف او مخطط الترفيف Dewey Decimal Classification
Koha [default] item type كتاب
المقتنيات
حالة الفقد نموذج السعر الفعال حالة تلف ليس للاعارة رقم الطلب تاريخ الاكتساب الموقع الحالي الباركود الفرع الرئيسي Date last seen نوع المادة فى نظام كوها مصدر التصنيف او خطة الترفيف Total Checkouts Date last checked out
  2013-03-10     005.265 I K A 2012-04-23 المكتبة المركزية بالمجمعة (CL) 00085218 المكتبة المركزية بالمجمعة (CL) 2013-03-10 كتاب Dewey Decimal Classification    
  2013-03-10     005.265 I K A 2012-04-23 المكتبة المركزية بالمجمعة (CL) 00085219 المكتبة المركزية بالمجمعة (CL) 2013-03-10 كتاب Dewey Decimal Classification    
  2013-03-10     005.265 I K A 2012-04-20 قسم الاجراءات الفنية (IC) 00084406 قسم الاجراءات الفنية (IC) 2013-03-10 كتاب Dewey Decimal Classification    
  2013-03-10     005.265 I K A 2012-04-20 قسم الاجراءات الفنية (IC) 00084405 قسم الاجراءات الفنية (IC) 2013-03-10 كتاب Dewey Decimal Classification    
  2013-03-10     005.265 I K A 2012-04-20 قسم الاجراءات الفنية (IC) 00084086 قسم الاجراءات الفنية (IC) 2013-03-10 كتاب Dewey Decimal Classification    
  2013-03-10     005.265 I K A 2012-04-20 قسم الاجراءات الفنية (IC) 00084085 قسم الاجراءات الفنية (IC) 2013-03-10 كتاب Dewey Decimal Classification    
  2013-03-10     005.265 I K A 2012-04-22 مكتبة كلية التربية بالزلفى - طالبات (EZF) 00085075 مكتبة كلية التربية بالزلفى - طالبات (EZF) 2013-03-10 كتاب Dewey Decimal Classification    
  2013-03-10     005.265 I K A 2012-04-22 مكتبة كلية التربية بالزلفى - طالبات (EZF) 00085076 مكتبة كلية التربية بالزلفى - طالبات (EZF) 2013-03-10 كتاب Dewey Decimal Classification    
  2013-03-10     005.265 I K A 2012-04-22 مكتبة كلية التربية بالزلفى - طالبات (EZF)   مكتبة كلية التربية بالزلفى - طالبات (EZF) 2013-03-10 كتاب Dewey Decimal Classification    
  2013-03-10     005.265 I K A 2012-04-10 مكتبة مجمع الطالبات بالمجمعة (EMF) 00076201 مكتبة مجمع الطالبات بالمجمعة (EMF) 2013-03-10 كتاب Dewey Decimal Classification    
  2013-03-10     005.265 I K A 2012-04-10 مكتبة مجمع الطالبات بالمجمعة (EMF) 00076200 مكتبة مجمع الطالبات بالمجمعة (EMF) 2013-03-10 كتاب Dewey Decimal Classification    
  2013-03-10     005.265 I K A 2012-04-23 مكتبة مجمع الكليات بالزلفى - طلاب (SZM) 00085318 مكتبة مجمع الكليات بالزلفى - طلاب (SZM) 2013-06-08 كتاب Dewey Decimal Classification 1 2013-01-30
  2013-03-10     005.265 I K A 2012-04-23 مكتبة مجمع الكليات بالزلفى - طلاب (SZM) 00085329 مكتبة مجمع الكليات بالزلفى - طلاب (SZM) 2013-03-10 كتاب Dewey Decimal Classification